| 000 | 00481cam a2200169ua 4500 | ||
|---|---|---|---|
| 020 | _a0 8493 5607 5 | ||
| 041 |
_aeng _h |
||
| 082 |
_a632.95 _bVET/IN |
||
| 100 | _aVettorazzi, Gaston . | ||
| 245 |
_aInternational regulatory aspects for pesticide chemicals: toxicity profiles vol-1 / _cGaston vettorazzi. _hTextual Documents |
||
| 250 |
_a1 / _b. |
||
| 260 |
_aFlorida : _bCRC Press Inc. , _c1979. |
||
| 300 | _a216 ; . | ||
| 504 | _a | ||
| 942 | _cBK | ||
| 999 |
_c7272 _d7272 |
||